Państwa niezrzeszone w FIFA - Statystyki

Ogólne statystyki
  • Ten quiz został rozwiązany 64 razy
  • Średni wynik to 5 z 8
Statystyki odpowiedzi
Państwo % Poprawnych
Watykan
79%
Monako
60%
Nauru
57%
Palau
57%
Tuvalu
57%
Kiribati
55%
Mikronezja
53%
Wielka Brytania
31%
Nie znaleziono quizów pasujących do podanych kryteriów
Rozkład punktacji
Procent ludzi z każdym wynikiem
Percentyl według liczby udzielonych odpowiedzi
Twoja historia wyników
Nie rozwiązałeś tego quizu